000 01246nam a2200361Ia 4500
001 dia_131
003 CHAP
005 20221208113732.0
008 220117s1992 xx 000 0 und d
010 _a170562
020 _a84-7615-845-9
040 _cCHAP
082 _a620.00420285 J64 1992
100 _aJohnson, Nelson
_9147299
245 _aAutocad : manual de referencia /
_c Nelson Johnson ; traducción José Rafael García Lazaro, José Fernando Bienvenido Barcena y Alfonso Bosch Aran
250 _a2a ed.
260 _aMéxico :
_b McGraw-Hill,
_c1992
300 _axxxi, 908 p.
500 _aTítulo original: Autocad. The Complete Reference.
503 _aI.168709
590 _aT385 J64 1992
650 _aComputer graphics
_9147300
650 _aComputer
_xaided design
_9147301
650 _aDiseño asistido por computador
_9147302
650 _aGráficos por computador
_9147303
700 _aBienvenido Barcena, José Fernando, tr.
_9147304
700 _aBosch Aran, Alfonso, tr.
_9147305
700 _aGarcía Lazaro, José Rafael, tr.
_9147306
901 _a620.00420285 J64 1992
902 _aM
905 _a5232271992 mx amn 8222223322spa16
942 _cLIBRO
_2ddc
999 _c170562
_d170562